<?xml version="1.0" encoding="UTF-8"?>
<record
    xmlns:xsi="http://www.w3.org/2001/XMLSchema-instance"
    xsi:schemaLocation="http://www.loc.gov/MARC21/slim http://www.loc.gov/standards/marcxml/schema/MARC21slim.xsd"
    xmlns="http://www.loc.gov/MARC21/slim">

  <leader>02518nam a2200337   4500</leader>
  <controlfield tag="001">51</controlfield>
  <controlfield tag="003">OSt</controlfield>
  <controlfield tag="005">20250528074010.0</controlfield>
  <controlfield tag="008">250122b        |||||||e |||| 00| 1 eng d</controlfield>
  <datafield tag="040" ind1=" " ind2=" ">
    <subfield code="b">por</subfield>
  </datafield>
  <datafield tag="041" ind1=" " ind2=" ">
    <subfield code="h">spa</subfield>
    <subfield code="a">por</subfield>
  </datafield>
  <datafield tag="082" ind1=" " ind2=" ">
    <subfield code="a">863</subfield>
    <subfield code="b">B467c</subfield>
  </datafield>
  <datafield tag="100" ind1="1" ind2=" ">
    <subfield code="a">Ben&#xED;tez, J. J.,</subfield>
    <subfield code="d">1946-</subfield>
    <subfield code="9">143</subfield>
  </datafield>
  <datafield tag="240" ind1=" " ind2=" ">
    <subfield code="a">Caballo de Troya 2</subfield>
  </datafield>
  <datafield tag="245" ind1=" " ind2=" ">
    <subfield code="a">Opera&#xE7;&#xE3;o Cavalo de Troia: </subfield>
    <subfield code="b">Segunda Viagem /</subfield>
    <subfield code="c">Benitez, J. J. ; Tradu&#xE7;&#xE3;o de Herminio Tricca</subfield>
  </datafield>
  <datafield tag="260" ind1=" " ind2=" ">
    <subfield code="a">S&#xE3;o Paulo</subfield>
    <subfield code="b">Mercuryo</subfield>
    <subfield code="c">1988</subfield>
  </datafield>
  <datafield tag="300" ind1=" " ind2=" ">
    <subfield code="a">493 p.</subfield>
  </datafield>
  <datafield tag="490" ind1="1" ind2=" ">
    <subfield code="a">Cavalo de Troia </subfield>
    <subfield code="v">vol. 02</subfield>
  </datafield>
  <datafield tag="500" ind1=" " ind2=" ">
    <subfield code="a">Cavalo de Troia Massada</subfield>
  </datafield>
  <datafield tag="520" ind1=" " ind2=" ">
    <subfield code="a">J.J. Ben&#xED;tez publica a segunda parte do famoso di&#xE1;rio de Jas&#xE3;o, o major norte-americano que viajou no tempo de volta &#xE0; &#xE9;poca de Jesus de Nazar&#xE9;. Se em Cavalo de Troia 1 Jerusal&#xE9;m, armava-se que os evangelistas n&#xE3;o haviam contado a verdade sobre o Nazareno, nesta nova obra isso volta a ser revelado. E J. J. Ben&#xED;tez faz isso em mais dois obscuros e fascinantes cap&#xED;tulos da vida de Jesus: suas apari&#xE7;&#xF5;es depois de morto e sua inf&#xE2;ncia. Conhe&#xE7;a como foi preparada essa segunda viagem &#xE0; Palestina do ano 30. Saiba tamb&#xE9;m algo que o mundo ignorou: o diab&#xF3;lico plano russo-norte-americano Rapto de Europa. Quanto &#xE0;s descobertas de Jas&#xE3;o nessa segunda explora&#xE7;&#xE3;o, eis aqui algumas reveladas em Cavalo de Troia 2 Massada: voc&#xEA; sabia, por exemplo, que na chamada '&#xFA;ltima ceia' muitas das palavras do Galileu foram manipuladas e ignoradas pelos sucessores de S&#xE3;o Pedro? Sabia que as apari&#xE7;&#xF5;es do Mestre depois de sua ressurrei&#xE7;&#xE3;o foram mais numerosas que as relatadas pelos Evangelhos? Imaginava que Maria, a m&#xE3;e do Filho do Homem, teria sido qual cada hoje como 'nacionalista'? E a quantidade de informa&#xE7;&#xF5;es de Cavalo de Troia 2 Massada vai emocion&#xE1;-lo ou irrit&#xE1;-lo, mas n&#xE3;o o deixar&#xE1; indiferente. 'Esse Jesus da s&#xE9;rie Cavalo de Troia, muito mais humano, pr&#xF3;ximo e, ao mesmo tempo, Deus, impressionou-me. Era oque eu necessitava e buscava h&#xE1; muito tempo (...). Ler Cavalo de Troia &#xE9; conseguir um passaporte para a certeza. Cavalo de Troia tem a virtude de n&#xE3;o deixar ningu&#xE9;m indiferente e de mexer com o mais &#xED;ntimo de cada ser humano.'</subfield>
  </datafield>
  <datafield tag="650" ind1=" " ind2="0">
    <subfield code="a">Literatura espanhola</subfield>
    <subfield code="9">144</subfield>
  </datafield>
  <datafield tag="650" ind1=" " ind2="0">
    <subfield code="a">Fic&#xE7;&#xE3;o Cient&#xED;fica </subfield>
    <subfield code="9">63</subfield>
  </datafield>
  <datafield tag="650" ind1=" " ind2="0">
    <subfield code="a">Viagem no tempo</subfield>
    <subfield code="9">145</subfield>
  </datafield>
  <datafield tag="650" ind1=" " ind2="0">
    <subfield code="a">A&#xE7;&#xE3;o</subfield>
    <subfield code="9">64</subfield>
  </datafield>
  <datafield tag="650" ind1=" " ind2="0">
    <subfield code="a">Religi&#xE3;o</subfield>
    <subfield code="9">100</subfield>
  </datafield>
  <datafield tag="655" ind1=" " ind2="0">
    <subfield code="a">Romance</subfield>
    <subfield code="9">23</subfield>
  </datafield>
  <datafield tag="655" ind1=" " ind2="0">
    <subfield code="a">Fic&#xE7;&#xE3;o </subfield>
    <subfield code="9">22</subfield>
  </datafield>
  <datafield tag="700" ind1=" " ind2=" ">
    <subfield code="a">Herminio Tricca</subfield>
    <subfield code="e">Tradutor</subfield>
    <subfield code="9">146</subfield>
  </datafield>
  <datafield tag="830" ind1=" " ind2=" ">
    <subfield code="a">Cavalo de Troia</subfield>
    <subfield code="v">vol. 02</subfield>
    <subfield code="9">147</subfield>
  </datafield>
  <datafield tag="942" ind1=" " ind2=" ">
    <subfield code="2">ddc</subfield>
    <subfield code="n">0</subfield>
    <subfield code="c">BK</subfield>
  </datafield>
  <datafield tag="952" ind1=" " ind2=" ">
    <subfield code="0">0</subfield>
    <subfield code="1">0</subfield>
    <subfield code="2">ddc</subfield>
    <subfield code="3">vol. 02</subfield>
    <subfield code="4">0</subfield>
    <subfield code="7">0</subfield>
    <subfield code="8">FIC</subfield>
    <subfield code="a">BIBIB</subfield>
    <subfield code="b">BIBIB</subfield>
    <subfield code="c">LE</subfield>
    <subfield code="d">1989-07-26</subfield>
    <subfield code="e">doa&#xE7;&#xE3;o</subfield>
    <subfield code="l">0</subfield>
    <subfield code="o">863 / B467c</subfield>
    <subfield code="p">2025-8279</subfield>
    <subfield code="r">2025-01-20 08:34:18</subfield>
    <subfield code="w">2025-01-20</subfield>
    <subfield code="y">BK</subfield>
  </datafield>
  <datafield tag="999" ind1=" " ind2=" ">
    <subfield code="c">51</subfield>
    <subfield code="d">51</subfield>
  </datafield>
</record>
